<?xml version="1.0" encoding="UTF-8"?><?xml-stylesheet type="text/xsl" href="static/style.xsl"?><OAI-PMH xmlns="http://www.openarchives.org/OAI/2.0/" xmlns:xsi="http://www.w3.org/2001/XMLSchema-instance" xsi:schemaLocation="http://www.openarchives.org/OAI/2.0/ http://www.openarchives.org/OAI/2.0/OAI-PMH.xsd"><responseDate>2026-06-01T18:47:20Z</responseDate><request verb="GetRecord" identifier="oai:riuma.uma.es:10630/6891" metadataPrefix="marc">https://riuma.uma.es/rest/oai/request</request><GetRecord><record><header><identifier>oai:riuma.uma.es:10630/6891</identifier><datestamp>2026-02-03T12:52:28Z</datestamp><setSpec>com_10630_5701</setSpec><setSpec>com_10630_3139</setSpec><setSpec>com_10630_10</setSpec><setSpec>col_10630_6821</setSpec></header><metadata><record xmlns="http://www.loc.gov/MARC21/slim" xmlns:dcterms="http://purl.org/dc/terms/" xmlns:doc="http://www.lyncode.com/xoai" xmlns:xsi="http://www.w3.org/2001/XMLSchema-instance" xsi:schemaLocation="http://www.loc.gov/MARC21/slim http://www.loc.gov/standards/marcxml/schema/MARC21slim.xsd">
   <leader>00925njm 22002777a 4500</leader>
   <datafield ind2=" " ind1=" " tag="042">
      <subfield code="a">dc</subfield>
   </datafield>
   <datafield ind2=" " ind1=" " tag="720">
      <subfield code="a">Fernández-Ruiz, Juan</subfield>
      <subfield code="e">author</subfield>
   </datafield>
   <datafield ind2=" " ind1=" " tag="720">
      <subfield code="a">Jiménez-Jáimez, Víctor José</subfield>
      <subfield code="e">author</subfield>
   </datafield>
   <datafield ind2=" " ind1=" " tag="720">
      <subfield code="a">Conejo Pedrosa, María Teresa</subfield>
      <subfield code="e">author</subfield>
   </datafield>
   <datafield ind2=" " ind1=" " tag="260">
      <subfield code="c">2005</subfield>
   </datafield>
   <datafield ind2=" " ind1=" " tag="520">
      <subfield code="a">En este artículo realizamos una revisión de los trabajos e investigaciones arqueológicas&#xd;
llevadas a cabo en el yacimiento neolítico al aire libre de El Charcón de Cerro Ardite (Alozaina,&#xd;
Málaga), desde que en 1999 se diese a conocer dicho yacimiento hasta el estudio del material&#xd;
cerámico, finalizado en 2004. Estos últimos trabajos son fruto de una prospección intensiva y&#xd;
sistemática a la cual dedicaremos la mayor parte de nuestro estudio y gracias a la cual hemos&#xd;
podido documentar una gran diversidad de materiales arqueológicos; dado el estado actual&#xd;
de la investigación del yacimiento, nos centraremos en el estudio de la cerámica decorada.&#xd;
Del mismo modo, dicha prospección nos ha facilitado proponer un encuadre crono-cultural&#xd;
del yacimiento constituido por dos fases: Neolítico Antiguo-Medio y Neolítico Final-Cobre&#xd;
Antiguo. Para finalizar, expondremos los trabajos que a medio plazo se pretenden llevar a cabo&#xd;
en este yacimiento teniendo en cuenta el potencial arqueológico estimado para el mismo.</subfield>
   </datafield>
   <datafield ind2=" " ind1=" " tag="520">
      <subfield code="a">In this article we present a revision of the archaeological research and works carried out&#xd;
at the open-air neolithic site called El Charcón at Cerro Ardite (Alozaina, Málaga), from 1999,&#xd;
when the site was discovered, to 2004, when a survey of the Neolithic pottery present at the site&#xd;
was finished. This article stresses the importance of an intensive and systematic prospection&#xd;
executed in 2001, which provided us a lot of data about prehistoric material culture at the site;&#xd;
because of the current state of the research, we will focus particularly in studying shards with&#xd;
decoration. Moreover, the prospection allowed us to make a proposal regarding the chronology&#xd;
of the site, consisting of two phases: Early-Medium Neolithic and Late Neolithic-Early Copper&#xd;
Age. Finally, we will present our medium-term objectives for the future of the site, taking into&#xd;
account its estimated archaeological potential.</subfield>
   </datafield>
   <datafield ind1="8" ind2=" " tag="024">
      <subfield code="a">FERNÁNDEZ RUÍZ, J. ; JIMÉNEZ JÁIMEZ, V. ; CONEJO PEDROSA, M.T. "Cinco años de investigaciones en "El Charcón" (Alozaina, Málaga) : (1999-2004)" Baetica, 27, 2005, p. 233-260</subfield>
   </datafield>
   <datafield ind1="8" ind2=" " tag="024">
      <subfield code="a">0212-5099</subfield>
   </datafield>
   <datafield ind1="8" ind2=" " tag="024">
      <subfield code="a">http://hdl.handle.net/10630/6891</subfield>
   </datafield>
   <datafield tag="653" ind2=" " ind1=" ">
      <subfield code="a">Charcón de Cerro Ardite, El  (Alozaina, Málaga) -</subfield>
   </datafield>
   <datafield tag="653" ind2=" " ind1=" ">
      <subfield code="a">Excavaciones arqueológicas - Alozaina (Málaga)</subfield>
   </datafield>
   <datafield ind2="0" ind1="0" tag="245">
      <subfield code="a">Cinco años de investigaciones en "El Charcón" (Alozaina, Málaga) : (1999-2004)</subfield>
   </datafield>
</record>
</metadata></record></GetRecord></OAI-PMH>